Fuel cell technology : (Record no. 355366)

000 -LEADER
fixed length control field 01466cam a22003857a 4500
001 - CONTROL NUMBER
control field 14164799
003 - CONTROL NUMBER IDENTIFIER
control field Nust- CAS-E
005 - DATE AND TIME OF LATEST TRANSACTION
control field 20180118181359.0
008 - FIXED-LENGTH DATA ELEMENTS--GENERAL INFORMATION
fixed length control field 051104s2006 enka b 001 0 eng
010 ## - LIBRARY OF CONGRESS CONTROL NUMBER
LC control number 2005936800
015 ## - NATIONAL BIBLIOGRAPHY NUMBER
National bibliography number GBA582813
Source bnb
016 7# - NATIONAL BIBLIOGRAPHIC AGENCY CONTROL NUMBER
Record control number 013302240
Source Uk
020 ## - INTERNATIONAL STANDARD BOOK NUMBER
International Standard Book Number 1852339748
020 ## - INTERNATIONAL STANDARD BOOK NUMBER
International Standard Book Number 1846282071
020 ## - INTERNATIONAL STANDARD BOOK NUMBER
International Standard Book Number 9781852339746
035 ## - SYSTEM CONTROL NUMBER
System control number (OCoLC)ocm61757606
040 ## - CATALOGING SOURCE
Original cataloging agency UKM
Transcribing agency UKM
Modifying agency BAKER
-- OHX
-- BWKUK
-- DLC
042 ## - AUTHENTICATION CODE
Authentication code ukblsr
-- lccopycat
050 00 - LIBRARY OF CONGRESS CALL NUMBER
Classification number TK2931
Item number .F787 2006
082 00 - DEWEY DECIMAL CLASSIFICATION NUMBER
Classification number 621.312429
Edition number 22
Author Mark FUE 2006
245 00 - TITLE STATEMENT
Title Fuel cell technology :
Remainder of title reaching towards commercialization /
Statement of responsibility, etc. Nigel Sammes (ed.).
260 ## - PUBLICATION, DISTRIBUTION, ETC.
Place of publication, distribution, etc. London :
Name of publisher, distributor, etc. Springer,
Date of publication, distribution, etc. c2006.
300 ## - PHYSICAL DESCRIPTION
Extent xiv, 298 p. :
Other physical details ill. ;
Dimensions 24 cm.
440 #0 - SERIES STATEMENT/ADDED ENTRY--TITLE
Title Engineering materials and processes
504 ## - BIBLIOGRAPHY, ETC. NOTE
Bibliography, etc. note Includes bibliographical references and index.
650 #0 - SUBJECT ADDED ENTRY--TOPICAL TERM
Topical term or geographic name entry element Fuel cells.
700 1# - ADDED ENTRY--PERSONAL NAME
Personal name Sammes, Nigel M.
856 41 - ELECTRONIC LOCATION AND ACCESS
Materials specified Table of contents
Uniform Resource Identifier <a href="http://www.loc.gov/catdir/toc/fy0607/2005936800.html">http://www.loc.gov/catdir/toc/fy0607/2005936800.html</a>
856 42 - ELECTRONIC LOCATION AND ACCESS
Materials specified Publisher description
Uniform Resource Identifier <a href="http://www.loc.gov/catdir/enhancements/fy0663/2005936800-d.html">http://www.loc.gov/catdir/enhancements/fy0663/2005936800-d.html</a>
856 42 - ELECTRONIC LOCATION AND ACCESS
Materials specified Contributor biographical information
Uniform Resource Identifier <a href="http://www.loc.gov/catdir/enhancements/fy0818/2005936800-b.html">http://www.loc.gov/catdir/enhancements/fy0818/2005936800-b.html</a>
906 ## - LOCAL DATA ELEMENT F, LDF (RLIN)
a 7
b cbc
c copycat
d 2
e ncip
f 20
g y-gencatlg
942 ## - ADDED ENTRY ELEMENTS (KOHA)
Source of classification or shelving scheme
Koha item type Book
Holdings
Withdrawn status Lost status Source of classification or shelving scheme Damaged status Not for loan Collection code Permanent Location Current Location Shelving location Date acquired Source of acquisition Total Checkouts Full call number Barcode Date last seen Copy number Cost, replacement price Price effective from Koha item type
            US-Pakistan Center for Advanced Studies in Energy (USPCAS-E) US-Pakistan Center for Advanced Studies in Energy (USPCAS-E) General Stacks 04/22/2013 Victoria co   621.312429 FUE 2006 CAS-E0000258 05/08/2014 01 31393.00 05/08/2014 Book
            US-Pakistan Center for Advanced Studies in Energy (USPCAS-E) US-Pakistan Center for Advanced Studies in Energy (USPCAS-E) General Stacks 09/16/2013 Anas Taders   621.312429 FUE 2006 CAS-E0000437 08/27/2014 02   08/27/2014 Book
            US-Pakistan Center for Advanced Studies in Energy (USPCAS-E) US-Pakistan Center for Advanced Studies in Energy (USPCAS-E) General Stacks 09/16/2013 Anas Taders   621.312429 FUE 2006 CAS-E0000438 08/27/2014 03   08/27/2014 Book
© 2023 Central Library, National University of Sciences and Technology. All Rights Reserved.